000 00245nam a22001097a 4500
008 170125b xxu||||| |||| 00| 0 eng d
020 _a0721629288
041 _aeng
080 _a61
245 _aTEXTBOOK OF MEDICINE
_cWYNGAARDEN
942 _2udc
_cBK
999 _c3700
_d3700